Countries That Begin With An 'E' - Statistics

General Stats
  • This quiz has been taken 507 times
    501 since last reset
  • The average score is 5 of 8
Answer Stats
Answer % Correct
Eritrea
80%
Estonia
79%
Ecuador
78%
Ethiopia
77%
El Salvador
57%
Egypt
56%
East Timor (Timor-Leste)
52%
Equatorial Guinea
50%
No matching quizzes found
Score Distribution
Percent of People with Each Score
Percentile by Number Answered
Your Score History
You have not taken this quiz since the last reset